<?xml version="1.0" encoding="UTF-8"?>
<marc:record xmlns:marc="http://www.loc.gov/MARC21/slim">
   <marc:leader>00000nam a2200000 a 4500</marc:leader>
   <marc:datafield ind1="1" ind2=" " tag="100">
      <marc:subfield code="a">Riebe, Brigitte</marc:subfield>
      <marc:subfield code="4">aut</marc:subfield>
      <marc:subfield code="e">Verfasser/-in</marc:subfield>
   </marc:datafield>
   <marc:datafield ind1=" " ind2=" " tag="653">
      <marc:subfield code="a">Fiktionale Darstellung</marc:subfield>
   </marc:datafield>
   <marc:datafield ind1=" " ind2=" " tag="653">
      <marc:subfield code="a">Erzählende Literatur: Gegenwartsliteratur ab 1945</marc:subfield>
   </marc:datafield>
   <marc:datafield ind1="0" ind2="0" tag="245">
      <marc:subfield code="a">Eifelfrauen - der Ruf der Nachtigall</marc:subfield>
   </marc:datafield>
   <marc:datafield ind1="0" ind2="0" tag="245">
      <marc:subfield code="b">Roman</marc:subfield>
   </marc:datafield>
   <marc:datafield ind1="0" ind2="0" tag="245">
      <marc:subfield code="c">Riebe, Brigitte</marc:subfield>
   </marc:datafield>
   <marc:datafield ind1=" " ind2="1" tag="264">
      <marc:subfield code="a">Hamburg</marc:subfield>
      <marc:subfield code="b">Wunderlich</marc:subfield>
   </marc:datafield>
   <marc:datafield ind1=" " ind2=" " tag="250">
      <marc:subfield code="a">Originalausgabe</marc:subfield>
   </marc:datafield>
   <marc:datafield ind1="1" ind2=" " tag="520">
      <marc:subfield code="a">Altenburg, 1945: Nicht nur im kleinen Eifeldorf hat der Krieg seine Spuren hinterlassen, auch in der Familie Fuchs. Nun heißt es, nach vorne zu blicken. Johannas Töchter Klara und Mia sind zu jungen Frauen herangewachsen. Die Schwestern sind unzertrennlich und doch unterschiedlich wie Tag und Nacht: Während die jüngere Mia mit ihren dunkelbraunen Haaren alle Blicke auf sich zieht und die Menschen mit ihrer ungezwungenen Art für sich einnimmt, hat Klara das rotblonde Haar ihrer Mutter geerbt, ist nachdenklich und in sich gekehrt. Nur wenn sie singt, fällt alle Schüchternheit von ihr ab, ihre glockenhelle Stimme verzaubert jeden, der ihr zuhört. Als der tschechische Flüchtling Pavel auf dem Hof Schutz sucht, nimmt das Leben der Schwestern eine unerwartete Wendung. Der Sänger verdreht nicht nur beiden Frauen den Kopf, er ermutigt Klara auch, nach Köln zu ziehen und Gesang zu studieren. Doch Klara fühlt sich tief verwurzelt in der Landschaft ihrer Heimat, soll einmal den Hof übernehmen. Die Schwestern müssen sich entscheiden, ob sie dem Ruf des Herzens folgen; ob sie bleiben – oder das «Haus der Füchsin» verlassen.</marc:subfield>
   </marc:datafield>
   <marc:datafield ind1=" " ind2=" " tag="020">
      <marc:subfield code="a">9783805201032</marc:subfield>
      <marc:subfield code="9">9783805201032</marc:subfield>
   </marc:datafield>
   <marc:datafield ind1=" " ind2=" " tag="020">
      <marc:subfield code="a">3805201036</marc:subfield>
      <marc:subfield code="9">3805201036</marc:subfield>
   </marc:datafield>
   <marc:datafield ind1=" " ind2=" " tag="041">
      <marc:subfield code="a">ger</marc:subfield>
   </marc:datafield>
   <marc:datafield ind1=" " ind2=" " tag="338">
      <marc:subfield code="a">Band</marc:subfield>
   </marc:datafield>
   <marc:datafield ind1=" " ind2=" " tag="300">
      <marc:subfield code="a">431 Seiten</marc:subfield>
   </marc:datafield>
</marc:record>
